[Event "Innsbruck op 5th"]
[Site "Innsbruck"]
[Date "2021.08.24"]
[Round "5"]
[White "Dette, Jan"]
[Black "Prueske, Wolfgang"]
[Result "1-0"]
[WhiteElo "2097"]
[BlackElo "2004"]
[PlyCount "79"]
[EventDate "2021.08.21"]
[EventType "swiss"]
[EventRounds "9"]
[EventCountry "AUT"]
[SourceTitle "CBM 204 Extra"]
[Source "ChessBase"]
[SourceDate "2021.11.30"]
[SourceVersion "1"]
[SourceVersionDate "2021.11.30"]
[SourceQuality "1"]

1. e4 c6 2. d4 d5 3. Nd2 g6 4. e5 Bg7 5. Nb3 h5 6. Be2 Nh6 7. f4 Bf5 8. Nf3 e6 9. Bd2 a5 10. a4 Bf8 11. 0-0 Nd7 12. Be1 Be7 13. Qd2 b6 14. c3 Kf8 15. Rc1 Kg7 16. Na1 Rb8 17. Nc2 b5 18. Ne3 Qb6 19. axb5 cxb5 20. Bh4 Bxh4 21. Nxh4 Qd8 22. Nhxf5+ Nxf5 23. Nxf5+ gxf5 24. b3 a4 25. Rb1 Qa5 26. Ra1 Rbc8 27. Rfc1 Rc7 28. Qd3 Rb7 29. Ra3 Qc7 30. bxa4 b4 31. Rb3 Ra8 32. Qg3+ Kf8 33. Bb5 Nb6 34. Rxb4 Nc4 35. Qg5 Na3 36. Qxh5 Rc8 37. Qh6+ Kg8 38. c4 dxc4 39. Rc3 Qa5 40. Rg3# 1-0

[Event "DSOL 01 Liga Gr-A 1st"]
[Site "Playchess.com INT"]
[Date "2020.08.13"]
[Round "2.4"]
[White "Dette, Jan"]
[Black "Colbow, Collin"]
[Result "0-1"]
[WhiteElo "2119"]
[BlackElo "2189"]
[PlyCount "72"]
[EventDate "2020.06.22"]
[EventType "team-tourn (rapid)"]
[EventCountry "GER"]
[SourceTitle "EXT 2021"]
[Source "ChessBase"]
[SourceDate "2020.10.23"]
[SourceVersion "1"]
[SourceVersionDate "2020.10.23"]
[SourceQuality "1"]
[WhiteTeam "Essen Katernberg"]
[BlackTeam "Werder Bremen"]
[WhiteTeamCountry "GER"]
[BlackTeamCountry "GER"]

1. e4 c5 2. Nf3 d6 3. d4 cxd4 4. Nxd4 Nf6 5. Nc3 Nc6 6. Be3 e5 7. Nf3 Be7 8. h3 0-0 9. Bc4 Na5 10. Bd5 Be6 11. Qd3 Qc8 12. Nd2 Nc6 13. a3 Nxd5 14. Nxd5 Qd7 15. 0-0 f5 16. f4 Rad8 17. Rad1 fxe4 18. Qxe4 Bf5 19. Qc4 Kh8 20. Nf3 Qe6 21. Qc3 Be4 22. Nxe7 Qxe7 23. fxe5 Bxf3 24. Rxf3 Rxf3 25. gxf3 Nxe5 26. Bf4 Rf8 27. Qe3 Qe6 28. Kh2 Rf5 29. Rg1 Qc4 30. Bxe5 Rxe5 31. Qxa7 Qf4+ 32. Rg3 h5 33. Qxb7 Re2+ 34. Kh1 Qxg3 35. Qc8+ Kh7 36. Qf5+ Qg6 0-1

[Event "San Cristobal de La Laguna op 2nd"]
[Site "San Cristobal de la Laguna"]
[Date "2019.09.04"]
[Round "5"]
[White "Abreu Suarez, Isauro"]
[Black "Dette, Jan"]
[Result "1/2-1/2"]
[WhiteElo "1942"]
[BlackElo "2101"]
[PlyCount "116"]
[EventDate "2019.08.31"]
[EventType "swiss"]
[EventRounds "9"]
[EventCountry "ESP"]
[SourceTitle "EXT 2020"]
[Source "ChessBase"]
[SourceDate "2019.10.17"]
[SourceVersion "1"]
[SourceVersionDate "2019.10.17"]
[SourceQuality "1"]

1. e4 e6 2. d4 d5 3. e5 c5 4. Qg4 Qa5+ 5. c3 Nc6 6. Nf3 cxd4 7. Bd3 dxc3 8. bxc3 d4 9. 0-0 Nxe5 10. Nxe5 Qxe5 11. cxd4 Nf6 12. dxe5 Nxg4 13. Bb5+ Bd7 14. Bxd7+ Kxd7 15. Rd1+ Kc6 16. Nc3 Nxe5 17. Bf4 Nc4 18. Ne4 Ba3 19. Ng5 e5 20. Bc1 f6 21. Bxa3 fxg5 22. Rac1 b5 23. Be7 h6 24. a4 a6 25. Rd6+ Kb7 26. Rd7+ Kb6 27. a5+ Kxa5 28. Bc5 Nb2 29. Rb1 Rac8 30. Be3 Nc4 31. Ba7 Rhd8 32. Rxg7 Rc6 33. h4 gxh4 34. f3 Rcd6 35. Ra1+ Kb4 36. Kh2 a5 37. Rb1+ Ka4 38. Rb7 b4 39. Bc5 Rd1 40. R1xb4+ axb4 41. Rxb4+ Ka5 42. Rxc4 Kb5 43. Rc2 R8d2 44. Rxd2 Rxd2 45. Be3 Rd6 46. Bf2 Kc4 47. Kh3 Rg6 48. Bxh4 Kd3 49. Bg3 Rg5 50. Bh4 Rf5 51. Kg4 Rf4+ 52. Kh3 Ke2 53. Bg3 Rf5 54. Bh4 Kf1 55. Be7 Rf7 56. Bd6 Rf5 57. Be7 Rf7 58. Bd6 Rf5 1/2-1/2

[Event "San Cristobal de La Laguna op 2nd"]
[Site "San Cristobal de la Laguna"]
[Date "2019.09.02"]
[Round "3"]
[White "Perez Bolanos, Joel"]
[Black "Dette, Jan"]
[Result "0-1"]
[WhiteElo "1907"]
[BlackElo "2101"]
[PlyCount "60"]
[EventDate "2019.08.31"]
[EventType "swiss"]
[EventRounds "9"]
[EventCountry "ESP"]
[SourceTitle "EXT 2020"]
[Source "ChessBase"]
[SourceDate "2019.10.17"]
[SourceVersion "1"]
[SourceVersionDate "2019.10.17"]
[SourceQuality "1"]

1. e4 e6 2. d4 d5 3. Nd2 c5 4. Ngf3 Nf6 5. e5 Nfd7 6. c3 Nc6 7. Bd3 g6 8. h4 Qb6 9. h5 gxh5 10. 0-0 cxd4 11. cxd4 Nxd4 12. Nxd4 Qxd4 13. Nf3 Qg4 14. Bg5 Rg8 15. g3 Rxg5 16. Nxg5 Qxg5 17. Qa4 Qg4 18. Qxg4 hxg4 19. Bxh7 Nxe5 20. Rad1 f5 21. Bxf5 Nf3+ 22. Kg2 exf5 23. Rxd5 Bd7 24. Rc1 Bc6 25. Rdd1 Bg7 26. b3 Ke7 27. Rc5 Rh8 28. Kf1 Nd4 29. Ke1 Rh1+ 30. Kd2 Bh6+ 0-1

[Event "Ruhrgebiet Regionalliga 1819"]
[Site "Nordrheinwestfalen"]
[Date "2019.01.27"]
[Round "6.4"]
[White "Kilian, Ralf"]
[Black "Dette, Jan"]
[Result "1/2-1/2"]
[WhiteElo "2082"]
[BlackElo "2090"]
[PlyCount "29"]
[EventDate "2018.09.02"]
[EventType "team-tourn"]
[EventRounds "11"]
[EventCountry "GER"]
[SourceTitle "EXT 2022"]
[Source "ChessBase"]
[SourceDate "2021.10.06"]
[SourceVersion "1"]
[SourceVersionDate "2021.10.06"]
[SourceQuality "1"]
[WhiteTeam "Kamen SV"]
[BlackTeam "Essen Katernberg II"]
[WhiteTeamCountry "GER"]
[BlackTeamCountry "GER"]

1. e4 e6 2. d4 d5 3. e5 c5 4. c3 Qb6 5. Nf3 Nc6 6. a3 Nge7 7. dxc5 Qc7 8. Be3 Nxe5 9. Nxe5 Qxe5 10. Bb5+ Nc6 11. 0-0 Be7 12. Bd4 Qg5 13. f4 Qh6 14. Be3 Bd7 15. Rf3 1/2-1/2

[Event "Staufer op 31st"]
[Site "Schwaebisch Gmuend"]
[Date "2019.01.05"]
[Round "8"]
[White "Dette, Jan"]
[Black "Chudinovskih, Alexander N"]
[Result "0-1"]
[WhiteElo "2096"]
[BlackElo "2184"]
[PlyCount "82"]
[EventDate "2019.01.02"]
[EventType "swiss"]
[EventRounds "9"]
[EventCountry "GER"]
[SourceTitle "CBM 188 Extra"]
[Source "ChessBase"]
[SourceDate "2019.02.26"]
[SourceVersion "1"]
[SourceVersionDate "2019.02.26"]
[SourceQuality "1"]

1. f4 g6 2. Nf3 Bg7 3. g3 d6 4. Bg2 e5 5. d3 exf4 6. gxf4 Ne7 7. e4 d5 8. 0-0 dxe4 9. dxe4 Qxd1 10. Rxd1 Na6 11. Na3 Bd7 12. Nc4 0-0-0 13. Nfe5 Be6 14. Be3 f6 15. f5 gxf5 16. exf5 Nxf5 17. Na5 c6 18. Nec4 Nxe3 19. Nxe3 f5 20. c3 f4 21. Nc2 Bg4 22. Rf1 Rhf8 23. Bf3 h5 24. Nb3 Nc7 25. Ncd4 Bxd4+ 26. Nxd4 c5 27. Nb3 b6 28. Rae1 Nd5 29. Re4 Bf5 30. Re5 Ne3 31. Re1 Kd7 32. Bxh5 Kd6 33. R5xe3 fxe3 34. Rxe3 Rg8+ 35. Rg3 Ke5 36. Kf2 Rxg3 37. hxg3 Bb1 38. Ke3 Rd3+ 39. Ke2 Rxg3 40. Nd2 Bxa2 41. Bf3 Bd5 0-1

[Event "Gelsenkirchen Silvester op 6th"]
[Site "Gelsenkirchen"]
[Date "2018.12.28"]
[Round "3"]
[White "Meissner, Felix"]
[Black "Dette, Jan"]
[Result "1-0"]
[WhiteElo "2350"]
[BlackElo "2096"]
[PlyCount "63"]
[EventDate "2018.12.27"]
[EventType "swiss"]
[EventRounds "7"]
[EventCountry "GER"]
[SourceTitle "CBM 188 Extra"]
[Source "ChessBase"]
[SourceDate "2019.02.26"]
[SourceVersion "1"]
[SourceVersionDate "2019.02.26"]
[SourceQuality "1"]

1. e4 e6 2. d4 d5 3. Bd3 c5 4. exd5 exd5 5. Qe2+ Qe7 6. dxc5 Qxe2+ 7. Nxe2 Bxc5 8. Nbc3 Be6 9. Nb5 Na6 10. Bf4 Rd8 11. c3 Ne7 12. b4 Nxb4 13. cxb4 Bxb4+ 14. Bd2 Nc6 15. Bxb4 Nxb4 16. Kd2 a6 17. Nbd4 Kd7 18. Rhc1 Rc8 19. Rcb1 Nxd3 20. Rxb7+ Rc7 21. Rxc7+ Kxc7 22. Kxd3 Rb8 23. Rc1+ Kd7 24. Nc3 Rb2 25. Rc2 Rb4 26. a3 Rc4 27. Rb2 Kc7 28. Rb4 Rc5 29. Nb3 Rc6 30. Kd4 Rd6 31. Na5 Bc8 32. Nxd5+ 1-0

[Event "Gelsenkirchen Silvester op 6th"]
[Site "Gelsenkirchen"]
[Date "2018.12.27"]
[Round "1"]
[White "Bacaksiz, Bilal"]
[Black "Dette, Jan"]
[Result "0-1"]
[WhiteElo "1638"]
[BlackElo "2096"]
[PlyCount "86"]
[EventDate "2018.12.27"]
[EventType "swiss"]
[EventRounds "7"]
[EventCountry "GER"]
[SourceTitle "CBM 188 Extra"]
[Source "ChessBase"]
[SourceDate "2019.02.26"]
[SourceVersion "1"]
[SourceVersionDate "2019.02.26"]
[SourceQuality "1"]

1. d4 e6 2. Bf4 f5 3. e3 Nf6 4. Nd2 Be7 5. Ngf3 b6 6. h3 Bb7 7. Be2 0-0 8. 0-0 Ne4 9. Nxe4 fxe4 10. Nd2 Bg5 11. Bh2 d5 12. c4 Nc6 13. Rc1 Rf7 14. cxd5 exd5 15. Bb5 Qf6 16. Qg4 Nxd4 17. exd4 Bxd2 18. Be5 Qg5 19. Qxg5 Bxg5 20. Rxc7 Rxc7 21. Bxc7 Rc8 22. Bd6 Rc2 23. Ba4 Rxb2 24. Bb3 h6 25. Bb4 e3 26. Bc3 Rxf2 27. Rxf2 exf2+ 28. Kxf2 Kf7 29. Kf3 Ke6 30. g4 Ba6 31. Bd1 Bc4 32. a4 a6 33. Be2 b5 34. axb5 axb5 35. Bb4 Be7 36. Bc3 Ba3 37. Bxc4 dxc4 38. Ke4 b4 39. Ba1 c3 40. d5+ Kd6 41. Kd3 Bb2 42. Bxb2 cxb2 43. Kc2 Kxd5 0-1

[Event "Ruhrgebiet Regionalliga 1819"]
[Site "Nordrheinwestfalen"]
[Date "2018.10.28"]
[Round "3.4"]
[White "Dette, Jan"]
[Black "Brockmann, Michael"]
[Result "0-1"]
[WhiteElo "2076"]
[BlackElo "2002"]
[PlyCount "86"]
[EventDate "2018.09.02"]
[EventType "team-tourn"]
[EventRounds "11"]
[EventCountry "GER"]
[SourceTitle "EXT 2022"]
[Source "ChessBase"]
[SourceDate "2021.10.06"]
[SourceVersion "1"]
[SourceVersionDate "2021.10.06"]
[SourceQuality "1"]
[WhiteTeam "Essen Katernberg II"]
[BlackTeam "Eichlinghofen SV"]
[WhiteTeamCountry "GER"]
[BlackTeamCountry "GER"]

1. e4 c5 2. c4 Nc6 3. Nc3 g6 4. g3 Bg7 5. Bg2 e6 6. Nge2 Nge7 7. d3 a6 8. 0-0 0-0 9. Be3 Nd4 10. Rb1 Nec6 11. a3 Qe7 12. f4 f5 13. Bf2 Rb8 14. Nxd4 cxd4 15. Ne2 d6 16. b4 e5 17. b5 axb5 18. Rxb5 Nd8 19. Qb3 Kh8 20. Qb4 Nc6 21. Qb2 Qc7 22. c5 fxe4 23. cxd6 Qxd6 24. Bxe4 Bf5 25. Bxf5 Rxf5 26. Rxb7 Rbf8 27. Qb6 Qd5 28. Qc7 R5f7 29. Qb6 Qf3 30. Rxf7 Rxf7 31. fxe5 Nxe5 32. Nxd4 Qxd3 33. Qb3 Qe4 34. a4 Rf8 35. Qe3 Qd5 36. Be1 Rd8 37. Bc3 Ng4 38. Qf4 Bxd4+ 39. Bxd4+ Qxd4+ 40. Qxd4+ Rxd4 41. Ra1 Rd6 42. a5 Ra6 43. h4 Kg7 0-1

[Event "Gelsenkirchen Silvester op 5th"]
[Site "Gelsenkirchen"]
[Date "2017.12.27"]
[Round "2"]
[White "Dette, Jan"]
[Black "Natsidis, Christoph"]
[Result "1/2-1/2"]
[WhiteElo "2035"]
[BlackElo "2345"]
[PlyCount "76"]
[EventDate "2017.12.27"]
[EventType "swiss"]
[EventRounds "5"]
[EventCountry "GER"]
[SourceTitle "CBM 182 Extra"]
[Source "ChessBase"]
[SourceDate "2018.02.23"]
[SourceVersion "1"]
[SourceVersionDate "2018.02.23"]
[SourceQuality "1"]

1. f4 Nf6 2. Nf3 c5 3. g3 g6 4. Bg2 Bg7 5. 0-0 0-0 6. d3 Nc6 7. e4 d6 8. c3 Rb8 9. h3 b5 10. Re1 b4 11. c4 Ne8 12. Nbd2 Nc7 13. g4 f5 14. gxf5 gxf5 15. Nh4 Nd4 16. Ndf3 e6 17. Kh1 Bb7 18. Nxd4 Qxh4 19. Nf3 Qh5 20. Qa4 fxe4 21. dxe4 d5 22. Qxa7 dxc4 23. f5 exf5 24. Qxc5 Na6 25. Qxc4+ Kh8 26. Ng5 fxe4 27. Be3 Rf5 28. Nxe4 Rc8 29. Qd3 Rf3 30. Qd7 Rc7 31. Qd8+ Rf8 32. Qg5 Qxg5 33. Nxg5 Bxg2+ 34. Kxg2 Rc2+ 35. Kg1 Bxb2 36. Rad1 Nc5 37. Bd4+ Bxd4+ 38. Rxd4 b3 1/2-1/2

[Event "NRW Class2 1718"]
[Site "Germany"]
[Date "2017.11.19"]
[Round "3.3"]
[White "Dette, Jan"]
[Black "Klip, Hans"]
[Result "1-0"]
[WhiteElo "2032"]
[BlackElo "2302"]
[PlyCount "65"]
[EventDate "2017.09.17"]
[EventType "team-tourn"]
[EventRounds "9"]
[EventCountry "GER"]
[SourceTitle "EXT 2019"]
[Source "ChessBase"]
[SourceDate "2018.10.10"]
[SourceVersion "1"]
[SourceVersionDate "2018.10.10"]
[SourceQuality "1"]
[WhiteTeam "Essen Katernberg  II"]
[BlackTeam "Plettenberg"]
[WhiteTeamCountry "GER"]
[BlackTeamCountry "GER"]

1. f4 d5 2. Nf3 Bg4 3. e3 Nd7 4. h3 Bxf3 5. Qxf3 e5 6. Qxd5 Qh4+ 7. Kd1 0-0-0 8. fxe5 Qe7 9. Qa5 Kb8 10. b3 Nh6 11. Bb2 Qg5 12. Nc3 Nf5 13. Nb5 Bc5 14. Qxc7+ Ka8 15. Nd6 Bxd6 16. exd6 Ng3 17. Rg1 Nxf1 18. Rxf1 Qxg2 19. Rxf7 Qxh3 20. Qc4 Qh5+ 21. Kc1 Rc8 22. Qf1 Qg6 23. Bc3 Qxd6 24. Kb2 h5 25. Qb5 Nb6 26. Rg1 a6 27. Qe5 Qc6 28. Rgxg7 Rhe8 29. Qxh5 Na4+ 30. bxa4 Qb6+ 31. Kc1 Rxe3 32. dxe3 Rxc3 33. Qh8+ 1-0